000 00290nam a22001217a 4500
003 SGT
082 _a616.89
_bP07S
100 _aSHAH, ANISHA
245 _aPSYCHOLOGICAL RESEARCH IN MENTAL HEALTH AND NEUROSCIENCE
260 _aINDIA
_bNIMHANS
_c2007
300 _a401
942 _2ddc
_cBK
_02
999 _c15093
_d15093